000 00670nam a2200181Ia 4500
008 090124s9999 xx 000 0 und d
082 _b7204
100 _aकानेटकर वसन्त
245 _a गड गेला पण सिंह जागा झाला
250 _a1
260 _bपॉप्य़ुलर प्रकाशन
_c1975
300 _a31
600 _aकानेटकर वसन्त
630 _a गड गेला पण सिंह जागा झाला
700 _aकानेटकर वसन्त
730 _a गड गेला पण सिंह जागा झाला
942 _cBOOK
999 _c85417
_d85417